00306nam a2200097Ia 4500008004100000020001500041100001800056245007500074260004100149300001800190180205s9999 xx 000 0 und d a9715900798 aMeier, Cheryl aI know just how you feel. :bReal-life devotions for teens...by a teen aUSAbPaulines publishing housec1994 axi, 149 pages